| 000 | 00494nmm a2200169Ia 4500 | ||
|---|---|---|---|
| 008 | 251105s9999||||xx |||||||||||||||||und|| | ||
| 020 | _a847030867X | ||
| 041 | _aspa | ||
| 100 | _aGarcía Bazán, Francisco | ||
| 245 | 0 | _aPresencia y ausencia de lo sagrado en Oriente y Occidente | |
| 264 |
_a[Madrid, España] : _bBiblioteca Nueva, _c2001 |
||
| 300 | _a188 páginas | ||
| 490 | _aTaxila | ||
| 650 | _aReligion(s) | ||
| 856 | _uhttps://public.digitaliapublishing.com/a/5502 | ||
| 942 | _cCF | ||
| 999 |
_c73213 _d73213 |
||